[Event "Budapest FS12 GM"]
[Site "Budapest"]
[Date "1993.??.??"]
[Round "4"]
[White "Sinowjew, Juri"]
[Black "Landenbergue, Claude"]
[Result "1/2-1/2"]
[WhiteElo "2350"]
[BlackElo "2405"]

1.e4 c5 2.Nf3 e6 3.d4 cxd4 4.Nxd4 a6 5.Bd3 Bc5 6.Nb3 Ba7 7.O-O Nc6 8.Qe2 d6
9.Be3 Bxe3 10.Qxe3 Nf6 11.c4 Qc7 12.f4 O-O 13.Nc3 b6 14.Rac1 Nd7 15.Nd2 Bb7
16.Nf3 Rac8 17.a3 Nc5 18.Bc2 Ne7 19.b4 Nd7 20.Bd3 Ng6 21.Ne2 Nf6  1/2-1/2

[Event "Budapest FS12 IM-A"]
[Site "Budapest"]
[Date "1993.??.??"]
[Round "4"]
[White "Toh, Terry"]
[Black "Orso, Miklos"]
[Result "1-0"]
[WhiteElo "2300"]
[BlackElo "2390"]

1.e4 c5 2.Nf3 e6 3.d4 cxd4 4.Nxd4 a6 5.Bd3 Qc7 6.O-O b5 7.Nc3 Bb7 8.Kh1 Nf6
9.Qe2 b4 10.e5 bxc3 11.exf6 gxf6 12.bxc3 Qxc3 13.Be3 Nc6 14.Nb3 Rg8 15.Be4 Qe5
16.Nd2 Qc7 17.Rab1 Be7 18.f4 f5 19.Bf3 Rb8 20.c4 Nb4 21.a3 Nc2 22.Ba7 Bxf3
23.Bxb8 Bxe2 24.Bxc7 f6 25.Rf2 Bh5 26.Rb8+ Kf7 27.Rxg8 Kxg8 28.Nb1 Ne3 29.Rd2 d5
30.cxd5 Nxd5 31.Ba5 Bd6 32.Nc3 Bxf4 33.Rf2 Nxc3 34.Bxc3 Be3 35.Rf1 Kf7 36.Rb1 f4
37.Rb7+ Kg6 38.h3 e5 39.Ba5 Bd1 40.Bb6 Bxb6 41.Rxb6 f3 42.g3 Be2 43.Kg1 h5
44.Kf2 e4 45.Ke3 Kg5 46.Rb8 Bd3 47.Rd8 Kf5 48.Rg8 Bc4 49.Rg7 Bd3 50.a4 Bc2
51.a5 Bd3 52.h4 Bb5 53.g4+ hxg4 54.h5 f2 55.Kxf2 Kf4 56.h6 e3+ 57.Ke1 Bd3
58.h7 Bxh7 59.Rxh7 f5 60.Rh6 Kf3 61.Rxa6 f4 62.Rg6 g3 63.a6 Kg2 64.a7 f3
65.a8=Q  1-0

[Event "Budapest FS12 IM-A"]
[Site "Budapest"]
[Date "1993.??.??"]
[Round "6"]
[White "Keschitz, Gyorgy"]
[Black "Orso, Miklos"]
[Result "0-1"]
[WhiteElo "2275"]
[BlackElo "2390"]

1.e4 c5 2.Nf3 e6 3.d4 cxd4 4.Nxd4 a6 5.Bd3 Qc7 6.O-O b5 7.Kh1 Bb7 8.f4 Nc6
9.Nb3 h5 10.Nc3 h4 11.h3 Nf6 12.Qe1 Be7 13.Be3 Nh5 14.Rf2 Ng3+ 15.Kg1 Na5
16.Nd5 exd5 17.Qxa5 Qxa5 18.Nxa5 dxe4 19.Nxb7 exd3 20.cxd3 O-O 21.Rc2 Rfe8
22.Kf2 Bf6 23.Re1 Re6 24.Nc5 Rc6 25.Kf3 d6 26.b4 dxc5 27.bxc5 Rd8  0-1

[Event "Budapest FS12 IM-A"]
[Site "Budapest"]
[Date "1993.??.??"]
[Round "11"]
[White "Toh, Terry"]
[Black "Almeida Saenz, Alfonso"]
[Result "1-0"]
[WhiteElo "2300"]
[BlackElo "2330"]

1.e4 c5 2.Nf3 e6 3.d4 cxd4 4.Nxd4 a6 5.Bd3 Qc7 6.O-O Bc5 7.Nb3 Ba7 8.Qg4 Kf8
9.Nc3 Nf6 10.Qe2 Nc6 11.Kh1 h5 12.f4 d6 13.Be3 Bxe3 14.Qxe3 b5 15.a4 b4 16.Ne2 Bb7
17.Ned4 Re8 18.Nxc6 Bxc6 19.a5 Qb7 20.Rae1 h4 21.h3 e5 22.Kh2 Rh6 23.Qb6 exf4
24.Nd4 Bxe4 25.Bxe4 Qxb6 26.axb6 Nxe4 27.Rxe4 Rxe4 28.b7 Re8 29.Nc6 d5 30.Re1 Rhe6
31.Rxe6 fxe6 32.b8=Q Rxb8 33.Nxb8 a5 34.Nc6 Ke8 35.Nxa5 Kd7 36.Kg1 e5 37.Kf2 e4
38.Nb3 Kd6 39.Nd4 g6 40.Ke2 g5 41.Kd2 Kd7 42.c3 bxc3+ 43.Kxc3 Kd6 44.b4 Ke5
45.b5 Kd6 46.b6 Kd7 47.Nf5 Kc6 48.Ne7+ Kxb6 49.Nxd5+ Kc6 50.Nf6 e3 51.Kd3  1-0

[Event "Budapest FS12 IM-A"]
[Site "Budapest"]
[Date "1993.??.??"]
[Round "13"]
[White "Keschitz, Gyorgy"]
[Black "Almeida Saenz, Alfonso"]
[Result "0-1"]
[WhiteElo "2275"]
[BlackElo "2330"]

1.e4 c5 2.Nf3 e6 3.d4 cxd4 4.Nxd4 a6 5.Bd3 Qc7 6.O-O Nf6 7.Qe2 Nc6 8.Nxc6 dxc6
9.e5 Nd7 10.Bf4 Nc5 11.Rd1 Bd7 12.Nc3 Nxd3 13.Rxd3 c5 14.Rad1 Bc6 15.Bg5 Be7
16.Bxe7 Qxe7 17.Ne4 O-O 18.Rd6 Rac8 19.c4 Qh4 20.Nxc5 Bxg2 21.R1d4 Qh6 22.Nxe6 Bh3
23.Nf4 Qg5+ 24.Kh1 Bf5 25.Qe3 Rfe8 26.b3 h6 27.h3 Bb1 28.R6d5 Bxa2 29.e6 Qf6
30.exf7+ Qxf7 31.Qg3 Bb1 32.Rd7 Re7 33.Nh5 Rf8 34.Rxe7 Qxe7 35.Nxg7 Qe1+
36.Kh2 Rxf2+  0-1

[Event "Buenos Aires Najdorf op"]
[Site "Buenos Aires"]
[Date "1993.??.??"]
[Round "2"]
[White "Bosco, Ricardo"]
[Black "Anelli, Antonio"]
[Result "1/2-1/2"]
[WhiteElo "2270"]
[BlackElo "2320"]

1.e4 c5 2.Nf3 e6 3.d4 cxd4 4.Nxd4 a6 5.Bd3 Nf6 6.O-O Qc7 7.c4 Nc6 8.Nxc6 dxc6
9.Qe2 e5 10.Be3 Ng4 11.Bd2 Bc5 12.h3 Nf6 13.Be3 Nd7 14.Nc3 O-O 15.a3 Re8
16.Na4 Bxe3 17.Qxe3  1/2-1/2

[Event "Buenos Aires FMD op"]
[Site "Buenos Aires"]
[Date "1993.??.??"]
[Round "2"]
[White "Celis, Gustavo"]
[Black "Anelli, Antonio"]
[Result "0-1"]
[WhiteElo "2255"]
[BlackElo "2305"]

1.e4 c5 2.Nf3 e6 3.d4 cxd4 4.Nxd4 a6 5.Bd3 Nf6 6.O-O Qc7 7.Qe2 d6 8.c4 g6
9.Nc3 Bg7 10.Nf3 Nbd7 11.Bf4 Ng4 12.Rac1 Nge5 13.Rfd1 O-O 14.Qe3 Nxf3+ 15.Qxf3 Ne5
16.Qe3 Bd7 17.Be2 Rfd8 18.Bg5 f6 19.Bh6 Bh8 20.Qg3 Be8 21.Be3 Nf7 22.Bg4 Qe7
23.h4 Bg7 24.f4 f5 25.exf5 gxf5 26.Bf3 Kh8 27.Bd4 Bxd4+ 28.Rxd4 Bc6 29.Bxc6 bxc6
30.Qf2 Rg8 31.Rd3 Rg4 32.h5 h6  0-1

[Event "Buenos Aires Najdorf op"]
[Site "Buenos Aires"]
[Date "1993.??.??"]
[Round "2"]
[White "Celis, Gustavo"]
[Black "Giardelli, Sergio C"]
[Result "0-1"]
[WhiteElo "2225"]
[BlackElo "2425"]

1.e4 c5 2.Nf3 e6 3.d4 cxd4 4.Nxd4 a6 5.Bd3 Bc5 6.Nb3 Ba7 7.Qe2 Nc6 8.Be3 Bxe3
9.Qxe3 d6 10.Nc3 Nf6 11.O-O-O b5 12.f4 b4 13.Na4 e5 14.f5 Rb8 15.Kb1 O-O
16.g4 Nxg4 17.Qg3 Nf6 18.Rhg1 Ne8 19.c4 bxc3 20.Nxc3 Nb4 21.Rg2 Bb7 22.Qe3 Qh4
23.h3 Nf6 24.Rdg1 Nxd3 25.Qxd3 Bxe4 26.Nxe4 Qxe4 27.Rxg7+ Kh8 28.R7g3 Rg8
29.Rxg8+ Rxg8 30.Rxg8+ Kxg8 31.Kc2 Kg7 32.Na5 Qg2+ 33.Kb3 e4 34.Qe3 Qf3 35.Qxf3 exf3
36.Nc4 Ne4 37.Ne3 f2 38.Nf1 Kf6 39.Kc4 Kxf5 40.b4 Kf4 41.a4 Ng3 42.Nh2 f1=Q+
43.Nxf1 Nxf1 44.b5 Nd2+ 45.Kd5 axb5 46.axb5 Nb3 47.Kxd6 Na5 48.Kc5 Ke5 49.b6 f5
50.Kb5 Nb7  0-1

[Event "Buenos Aires op2"]
[Site "Buenos Aires"]
[Date "1993.??.??"]
[Round "4"]
[White "Giaccio, Alfredo"]
[Black "Giardelli, Sergio C"]
[Result "0-1"]
[WhiteElo "2360"]
[BlackElo "2425"]

1.e4 c5 2.Nf3 e6 3.d4 cxd4 4.Nxd4 a6 5.Bd3 Bc5 6.Nb3 Ba7 7.Nc3 Nc6 8.Qe2 d6
9.Be3 Bxe3 10.Qxe3 Nf6 11.g4 e5 12.g5 Nh5 13.Nd5 Be6 14.Be2 Bxd5 15.Bxh5 Bxb3
16.axb3 Nd4 17.Bd1 Ne6 18.Rg1 Nf4 19.Be2 O-O 20.O-O-O Rc8 21.Kb1 Rc6 22.Rd2 Qc7
23.h4 Rc8 24.Bg4 Ra8 25.Rgd1 b5 26.c3 a5 27.Be2 Rb8 28.Rc1 g6 29.Bf1 Ne6
30.Rd5 Nc5 31.Rcd1 b4  0-1

[Event "Buenos Aires op2"]
[Site "Buenos Aires"]
[Date "1993.??.??"]
[Round "6"]
[White "Langier, Daniel"]
[Black "Giardelli, Sergio C"]
[Result "1-0"]
[WhiteElo "2315"]
[BlackElo "2425"]

1.e4 c5 2.Nf3 e6 3.d4 cxd4 4.Nxd4 a6 5.Bd3 Bc5 6.c3 Nc6 7.Be3 Ne5 8.Be2 Qc7
9.O-O Nf6 10.f4 Ng6 11.Nd2 d6 12.Kh1 O-O 13.Qe1 Re8 14.Qg3 e5 15.fxe5 dxe5
16.Nf5 Bxf5 17.Rxf5 Rad8 18.Raf1 Rd7 19.Bg5 Be7 20.Bxf6 Bxf6 21.Qe3 Qc6 22.g3 b5
23.Nb3 Bd8 24.c4 bxc4 25.Rc1 Bb6 26.Qf3 Rf8 27.Bxc4 Qa4 28.a3 Kh8 29.Bd5 Rc7
30.Rxc7 Bxc7 31.Rxf7 Qe8 32.Nc5 a5 33.Qf5 Bd6 34.Nb7 Be7 35.Nxa5 Rg8 36.Nc6 Bc5
37.b4  1-0

[Event "Buenos Aires Najdorf op"]
[Site "Buenos Aires"]
[Date "1993.??.??"]
[Round "9"]
[White "Spangenberg, Hugo"]
[Black "Giardelli, Sergio C"]
[Result "1-0"]
[WhiteElo "2505"]
[BlackElo "2425"]

1.e4 c5 2.Nf3 e6 3.d4 cxd4 4.Nxd4 a6 5.Bd3 Bc5 6.Nb3 Ba7 7.O-O Qh4 8.N1d2 Nf6
9.Nf3 Qh5 10.h3 Nc6 11.Bf4 d5 12.exd5 Nxd5 13.Bd6 Bb8 14.Bxb8 Rxb8 15.Be4 O-O
16.Bxd5 exd5 17.Nfd4 Qg6 18.Qd3 Qf6 19.Rfe1 Bd7 20.Nc5 Rfd8 21.Rad1 h6 22.c3 Nxd4
23.Qxd4 Qxd4 24.Rxd4 Bc6 25.f3 Re8 26.Rxe8+ Rxe8 27.Kf2 g5 28.Rb4 Re7 29.Rb6 Rc7
30.Nb3 h5 31.Nd4 Kg7 32.f4 Kf6 33.Kf3 a5 34.g3 Kg6 35.fxg5 Kxg5 36.h4+ Kg6
37.Nxc6 bxc6 38.Ra6 Kf5 39.Rxa5 Ke5 40.b4 f5 41.a4 Rf7 42.Ra8 d4 43.Ra5+ Ke6
44.cxd4 Rd7 45.Re5+  1-0

[Event "Buenos Aires Najdorf op"]
[Site "Buenos Aires"]
[Date "1993.??.??"]
[Round "10"]
[White "Kanefsck, Gustavo"]
[Black "Bruno, Alejandro P"]
[Result "1-0"]
[WhiteElo "2370"]
[BlackElo "2275"]

1.e4 c5 2.Nf3 e6 3.d4 cxd4 4.Nxd4 a6 5.Bd3 Nf6 6.O-O d6 7.c4 Be7 8.Qe2 O-O
9.f4 d5 10.Nb3 dxe4 11.Bc2 Nc6 12.Nc3 Nb4 13.Bb1 Nd3 14.Be3 e5 15.Nxe4 Nxf4
16.Bxf4 exf4 17.Rxf4 g6 18.Bc2 Nxe4 19.Bxe4 Qc7 20.Rff1 Be6 21.Bd5 Bxd5 22.cxd5 Kg7
23.Kh1 Bf6 24.Rae1 Rae8 25.Qf2 Qd6 26.Rxe8 Rxe8 27.Nc5 Kg8 28.h3 Re7 29.Qxf6 Qxc5
30.b4 Qxb4 31.d6 Rd7 32.Rc1 Qxd6 33.Rc8+ Qf8 34.Rxf8+ Kxf8 35.Qh8+ Ke7 36.Qxh7 Rd1+
37.Kh2 Rd5 38.Qh4+ Kd7 39.Qe4 Rb5 40.a4 Rb6 41.Qd5+ Ke7 42.h4 Rc6 43.Qe5+ Re6
44.Qc7+ Kf8 45.Qxb7 Kg8 46.Kg3 Kg7 47.Kg4 Rd6 48.Qb2+ Kh7 49.Kf4 Re6 50.g4 Kg8
51.h5 gxh5 52.gxh5 Kh7 53.Kg5 Rh6 54.a5 Re6 55.Qb6 Kg7 56.h6+ Kh7 57.Qb1+ Rg6+
58.Kh5 Kg8 59.Qxg6+ fxg6+ 60.Kxg6 Kh8 61.Kf6 Kh7 62.Ke6 Kxh6 63.Kd6  1-0

[Event "Calcutta op"]
[Site "Calcutta"]
[Date "1993.??.??"]
[Round "1"]
[White "Thipsay, Praveen Mahadeo"]
[Black "Salov, Sergei"]
[Result "1-0"]
[WhiteElo "2465"]
[BlackElo "2235"]

1.e4 c5 2.Nf3 e6 3.d4 cxd4 4.Nxd4 a6 5.Bd3 Nf6 6.O-O d6 7.Nc3 Be7 8.Kh1 b5
9.f4 b4 10.Nce2 Qc7 11.Qe1 Bb7 12.Ng3 h5 13.Rf3 Nbd7 14.Nf1 Nc5 15.Nd2 h4
16.Rh3 d5 17.e5 Nfe4 18.N2f3 g6 19.Be3 a5 20.Bb5+ Kf8 21.Nxh4 Kg7 22.Nhf3 Rxh3
23.gxh3 Rh8 24.Kg2 Qc8 25.a3 Qg8 26.axb4 axb4 27.Bf1 Qh7 28.Kg1 Qh5 29.Ra7 Ra8
30.Rxa8 Bxa8 31.Qxb4 g5 32.fxg5 Nxg5 33.Bxg5 Bxg5 34.Qxc5 Be3+ 35.Kg2 Qg6+
36.Kh1 Qe4 37.Bg2 Bc1 38.Qc3 Qf4 39.b4 Be3 40.Qd3 Bf2 41.Qd1 Qe3 42.Qf1 Bb7
43.c3 Bc8 44.h4 Bd7 45.b5 f6 46.exf6+ Kxf6 47.Nc2 Qc5 48.Nfd4  1-0

[Event "Cannes op"]
[Site "Cannes"]
[Date "1993.??.??"]
[Round "1"]
[White "Koch, Jean Rene"]
[Black "Valenti, Richard"]
[Result "1-0"]
[WhiteElo "2450"]
[BlackElo "2260"]

1.e4 c5 2.Nf3 e6 3.d4 cxd4 4.Nxd4 a6 5.Bd3 Qc7 6.Qe2 Ne7 7.c4 Nbc6 8.Nxc6 Nxc6
9.Be3 Bd6 10.Nd2 Ne5 11.Rc1 Nxd3+ 12.Qxd3 Be5 13.Rc2 O-O 14.Nf3 d6 15.O-O Bf6
16.c5 dxc5 17.Bxc5 Rd8 18.Qb3 Qf4 19.Bb6 Rf8 20.Re1 Bd7 21.Bc7 e5 22.Qxb7 Bb5
23.Rc5 Rfe8 24.b3 h5 25.Bxe5 Bxe5 26.Rxe5 Rxe5 27.Qxa8+ Re8 28.Qd5 Re6 29.Qxh5 Rxe4
30.Rxe4 Qxe4 31.Qxf7+  1-0

[Event "Cannes op"]
[Site "Cannes"]
[Date "1993.??.??"]
[Round "5"]
[White "Palac, Mladen"]
[Black "Kovacevic, Slobodan"]
[Result "1-0"]
[WhiteElo "2485"]
[BlackElo "2425"]

1.e4 c5 2.Nf3 e6 3.d4 cxd4 4.Nxd4 a6 5.Bd3 Nf6 6.O-O d6 7.c4 Nbd7 8.Nc3 g6
9.Bg5 Bg7 10.Nb3 Qc7 11.Qd2 O-O 12.Be2 Nb6 13.Rac1 Ne8 14.Rfd1 f6 15.Bf4 e5
16.Be3 Be6 17.c5 dxc5 18.Nxc5 Qf7 19.Nxe6 Qxe6 20.Na4 Nxa4 21.Bc4 Qxc4 22.Rxc4 b5
23.Rxa4  1-0

[Event "Capablanca mem-A"]
[Site "?"]
[Date "1993.??.??"]
[Round "2"]
[White "Hernandez, Gilberto"]
[Black "Zapata, Alonso"]
[Result "1-0"]
[WhiteElo "2505"]
[BlackElo "2580"]

1.e4 c5 2.Nf3 e6 3.d4 cxd4 4.Nxd4 a6 5.Bd3 Nf6 6.O-O Qc7 7.Qe2 d6 8.c4 g6
9.Nc3 Bg7 10.Nf3 O-O 11.Bf4 Ng4 12.Rac1 Nd7 13.Rfd1 Nge5 14.b3 Rd8 15.h3 Nxf3+
16.Qxf3 Ne5 17.Qg3 Bd7 18.Be2 Rac8 19.Be3 Be8 20.Bd4 f5 21.Qe3 Qf7 22.f4 Nc6
23.Bxg7 Kxg7 24.Bf3 Qf6 25.Rd2 Bf7 26.Rcd1 e5 27.Ne2 exf4 28.Qxf4 fxe4 29.Bxe4 Qxf4
30.Nxf4 Kf6 31.Rf2 Kg7 32.Bd5 Bg8 33.Be6 Rb8 34.Bxg8 Kxg8 35.Ne6 Rd7 36.Rfd2 Re8
37.Rxd6 Rde7 38.Nc5 Nb4 39.R1d2 Re1+ 40.Kh2 Ra1 41.Nxb7 Rb8 42.Nc5 a5 43.Rd8+ Rxd8
44.Rxd8+ Kf7 45.a4 Ra2 46.Kg3 h5 47.h4 Re2 48.Rd7+ Kf6 49.Kf3 Rb2 50.g3 g5
51.Ra7 g4+ 52.Ke3 Nc2+ 53.Kf4 Nb4 54.Rxa5 Rf2+ 55.Ke4 Rf3 56.Rb5 Nc2 57.Kd5 Ne3+
58.Kc6 Nf5 59.a5 Nd4+ 60.Kb6 Ke7 61.a6  1-0

[Event "Capablanca mem-A"]
[Site "?"]
[Date "1993.??.??"]
[Round "2"]
[White "Howell, James C"]
[Black "Aldama, Degurnay"]
[Result "1-0"]
[WhiteElo "2470"]
[BlackElo "2470"]

1.e4 c5 2.Nf3 e6 3.d4 cxd4 4.Nxd4 a6 5.Bd3 Nf6 6.O-O d6 7.c4 Bd7 8.Nc3 Nc6
9.Nxc6 Bxc6 10.Qe2 Be7 11.b3 O-O 12.Bb2 Rc8 13.Kh1 Nd7 14.f4 Bf6 15.Rad1 Qc7
16.Bb1 b5 17.cxb5 axb5 18.e5 dxe5 19.Nxb5 Bxb5 20.Qxb5 Rfd8 21.f5 Nf8 22.h3 Rxd1
23.Rxd1 Rd8 24.Rxd8 Qxd8 25.Qe2 exf5 26.Bxf5 Qa5 27.a4 e4 28.Bxf6 Qxf5 29.Bc3 Ne6
30.a5 Qd5 31.b4 f5 32.a6 Nc7 33.a7 Kf8 34.Qe3 Ke8 35.Qg3 Kd8 36.Qxg7 Na8
37.Qd4 Qxd4 38.Bxd4 Kc7 39.b5 f4 40.Kg1 Kb7 41.b6 h5 42.h4 e3 43.Kf1 Kc6
44.Ke2  1-0

[Event "Cappelle op"]
[Site "Cappelle la Grande"]
[Date "1993.??.??"]
[Round "3"]
[White "Socko, Bartosz"]
[Black "Stefansson, Hannes"]
[Result "0-1"]
[WhiteElo "2240"]
[BlackElo "2495"]

1.e4 c5 2.Nf3 e6 3.d4 cxd4 4.Nxd4 a6 5.Bd3 Nf6 6.O-O Qc7 7.c4 g6 8.Nc3 Bg7
9.Be3 O-O 10.c5 d6 11.cxd6 Qxd6 12.f4 e5 13.fxe5 Qxe5 14.Rxf6 Qxf6 15.Nd5 Qd8
16.Qc2 Bd7 17.Nf3 Nc6 18.Bb6 Qc8 19.Bc5 Bg4 20.Rc1 Bxf3 21.gxf3 Qh3 22.Qf2 Rfd8
23.Bf1 Qh5 24.f4 Rxd5 25.exd5 Qxd5 26.b3 Rd8 27.Bg2 Qf5 28.Bb6 Bd4 29.Bxd4 Rxd4
30.Rf1 Qf6 31.f5 g5 32.Qe3 Kg7 33.Be4 h6 34.h4 gxh4 35.Kh1 Kf8 36.Re1 Qd6
37.Bf3 Ne7 38.Qc3 h3 39.Bxb7 Rd2 40.Qh8+ Ng8 41.Qe5 Qxe5 42.Rxe5 Nf6 43.Ra5 Nh5  0-1

[Event "Cappelle op"]
[Site "Cappelle la Grande"]
[Date "1993.??.??"]
[Round "8"]
[White "Yakovich, Yuri"]
[Black "Emms, John M"]
[Result "1-0"]
[WhiteElo "2510"]
[BlackElo "2450"]

1.e4 c5 2.Nf3 e6 3.d4 cxd4 4.Nxd4 a6 5.Bd3 Bc5 6.Nb3 Ba7 7.Nc3 Nc6 8.Qe2 d6
9.Be3 Nf6 10.O-O-O b5 11.f4 b4 12.Na4 e5 13.Bxa7 Rxa7 14.f5 O-O 15.g4 Bd7
16.g5 Ne8 17.Qe3 Rb7 18.Bxa6 Rb8 19.Bc4 Kh8 20.Qd2 Na5 21.Nxa5 Qxa5 22.b3 Rc8
23.Qd5 Qa7 24.Kb1 Qe3 25.Rhe1 Qxg5 26.Nb6 Bc6 27.Qa5 Qd8 28.Bd5 Bxd5 29.Rxd5 Rc6
30.Nc4 Qh4 31.Qxb4 Qxh2 32.Rc1 Kg8 33.Nxd6 Nxd6 34.Rxd6 Rxd6 35.Qxd6 h5 36.a4 h4
37.a5 h3 38.a6 Qf4 39.Qd5 h2 40.a7 Qxc1+ 41.Kxc1 h1=Q+ 42.Kb2 g5 43.fxg6 Kg7
44.a8=Q Rxa8 45.Qxf7+  1-0

[Event "Cattolica"]
[Site "Cattolica"]
[Date "1993.??.??"]
[Round "3"]
[White "Mahdi, Khaled"]
[Black "Dizdarevic, Emir"]
[Result "1-0"]
[WhiteElo "2420"]
[BlackElo "2540"]

1.e4 c5 2.Nf3 e6 3.d4 cxd4 4.Nxd4 a6 5.Bd3 b6 6.O-O Bb7 7.Qe2 d6 8.b3 Nf6
9.Bb2 g6 10.Nd2 Bg7 11.f4 O-O 12.Rae1 Nbd7 13.e5 Nd5 14.Nc4 dxe5 15.fxe5 b5
16.Nd6 Bxe5 17.Nxb7 Qb6 18.Qf2 Qxb7 19.Be4 b4 20.Kh1 Bg7 21.c4 bxc3 22.Bxc3 Nc5
23.Qh4 Nxe4 24.Qxe4 Qb6 25.Ba1 Rac8 26.Qh4 Qb4 27.Re4 Qd2 28.Nf3 Qd3 29.Ree1 Bxa1
30.Rxa1 Ne3 31.Ng5 h5 32.Qg3 Rcd8 33.Rg1 Ng4 34.Nf3 Rd5  1-0

[Event "Cherepovets"]
[Site "Cherepovets"]
[Date "1993.??.??"]
[Round "?"]
[White "Zhelnin, Vladimir V"]
[Black "Mishuchkov, Nikolai M"]
[Result "1-0"]
[WhiteElo "2430"]
[BlackElo "2380"]

1.e4 c5 2.Nf3 e6 3.d4 cxd4 4.Nxd4 a6 5.Bd3 Ne7 6.c4 Nbc6 7.Nb3 Ng6 8.O-O Be7
9.f4 O-O 10.Nc3 b6 11.Be3 d6 12.Rc1 Bb7 13.Qh5 Rb8 14.Rf3 Re8 15.Rcf1 Nf8
16.Rh3 g6 17.Qe2 Bf6 18.Qf2 Bc8 19.Rf3 Bg7 20.Nd4 Nxd4 21.Bxd4 Bxd4 22.Qxd4 e5
23.fxe5 dxe5 24.Qxd8 Rxd8 25.Rxf7 Bf5 26.Rxf8+  1-0

[Event "CUB-ch"]
[Site "?"]
[Date "1993.??.??"]
[Round "7"]
[White "Arencibia, Walter"]
[Black "Borges Mateos, Juan"]
[Result "0-1"]
[WhiteElo "2485"]
[BlackElo "2400"]

1.e4 c5 2.Nf3 e6 3.d4 cxd4 4.Nxd4 a6 5.Bd3 Ne7 6.f4 Nbc6 7.Nf3 Ng6 8.Be3 Qa5+
9.Nc3 Ba3 10.bxa3 Qxc3+ 11.Nd2 d5 12.exd5 Nce7 13.O-O Nxd5 14.Qf3 O-O 15.Ne4 Qc7
16.Bd2 Bd7 17.c4 Nde7 18.Qh5 Rad8 19.Rf3 f5 20.Ng5 h6 21.Nh3 Be8 22.Rg3 Ne5
23.Qe2 Nxd3 24.Rxd3 Qxc4 25.Nf2 Bb5 26.Bb4 Rxd3 27.Qxd3 Qxf4 28.Qb3 Kf7 29.Re1 Qc4
30.Qf3 Re8 31.Ne4 Qd4+ 32.Kh1 Bc6 33.Qc3 Qd5 34.Nd6+ Kg8 35.Qg3 Rd8 36.Re2 f4
37.Qe1 f3 38.Rd2 fxg2+ 39.Kg1 Rf8 40.Rxd5 Bxd5 41.Nxb7 Rf1+ 42.Qxf1 gxf1=Q+
43.Kxf1 Bxb7 44.Bxe7 Kf7 45.Bd6 Bd5 46.a4 Bxa2 47.Be5 g5 48.Kf2 Kg6 49.a5 Kf5
50.Bc7 Ke4 51.Bd8 e5 52.Be7 Kd3 53.Bf8 h5 54.Bh6 g4 55.Bg5 e4 56.Bf4 Bd5
57.Bg5 Bc6 58.Kg2 Bd7 59.Kf2 Be6 60.Bf4 Bd7 61.Bg5 Bc6 62.Kg2 e3+ 63.Kg1 Ke2
64.Bh4 Kd1  0-1

[Event "CUB-ch"]
[Site "?"]
[Date "1993.??.??"]
[Round "10"]
[White "Arencibia, Walter"]
[Black "Aldama, Degurnay"]
[Result "1/2-1/2"]
[WhiteElo "2485"]
[BlackElo "2460"]

1.e4 c5 2.Nf3 e6 3.d4 cxd4 4.Nxd4 a6 5.Bd3 Nf6 6.O-O d6 7.f4 Be7 8.Kh1 Qc7
9.Qe2 Nbd7 10.c4 O-O 11.Nc3 Re8 12.Bd2 Bf8 13.Nf3 g6 14.Rae1 Bg7 15.Qf2 b5
16.cxb5 Bb7 17.bxa6 Bxa6 18.Bxa6 Rxa6 19.Qe2 Qb7 20.b3 Rc8 21.Rc1 Raa8 22.Rfe1 Nc5
23.e5 dxe5 24.Nxe5 Nd5 25.Nxd5 exd5 26.Bc3 Ne4 27.Bd4 Qb4 28.Rxc8+ Rxc8 29.Bg1 Re8
30.Rc1 g5 31.Qa6 gxf4 32.Rc8 Qf8 33.Rxe8 Qxe8 34.Nd3 f3 35.gxf3 Nd2 36.Nf4 Nxf3
37.Qe2 Qxe2 38.Nxe2 d4 39.Nf4 Ne1 40.Bf2 Be5 41.Ne2 Nc2 42.Nc1 f5 43.Nd3 Bd6
44.a4 Kf7 45.Kg2 Ke6 46.Bg3 Nb4 47.Nxb4 Bxb4 48.Kf3 Kd5 49.Bc7 Bd6  1/2-1/2

[Event "Debrecen-A"]
[Site "Debrecen"]
[Date "1993.??.??"]
[Round "4"]
[White "Feher, Gyula"]
[Black "Reiter, Markus"]
[Result "1/2-1/2"]
[WhiteElo "2385"]
[BlackElo "2275"]

1.e4 c5 2.Nf3 e6 3.d4 cxd4 4.Nxd4 a6 5.Bd3 Nc6 6.Nxc6 dxc6 7.O-O e5 8.Nd2 Bd6
9.Nc4 Bc7 10.a4 a5 11.b3 Ne7 12.Ba3 Be6 13.Qh5 Ng6 14.g3 Qf6 15.Bc5 Rd8 16.Rfd1 Ne7
17.Bf1 O-O 18.Qe2 Rfe8 19.Qe3 Nc8 20.Qc3 Bxc4 21.Bxc4 Rxd1+ 22.Rxd1 Rd8 23.Rxd8+ Qxd8
24.Kg2 b6 25.Be3 c5 26.Qe1 Ne7 27.Qe2 Qd7 28.h4 Ng6 29.c3 Nf8 30.Bd5 Ne6
31.Kg1 Nd8 32.Qh5 Kh8 33.Kg2 f6 34.Qf5 Qxf5 35.exf5 g6 36.g4 gxf5 37.gxf5 Kg7
38.Kf3 Nf7 39.Bxf7 Kxf7 40.Ke4 Ke7 41.Kd5 Kd7 42.f3 h5 43.Bf2 Bd8 44.Be1 Be7
45.Bd2 Bd6 46.Be1  1/2-1/2

[Event "Debrecen-A"]
[Site "Debrecen"]
[Date "1993.??.??"]
[Round "6"]
[White "Borsavolgyi, Tamas"]
[Black "Reiter, Markus"]
[Result "1-0"]
[WhiteElo "2285"]
[BlackElo "2275"]

1.e4 c5 2.Nf3 e6 3.d4 cxd4 4.Nxd4 a6 5.Bd3 Nc6 6.Be3 Nf6 7.Nd2 d5 8.Nxc6 bxc6
9.O-O e5 10.Bg5 Bd6 11.c4 d4 12.f4 h6 13.Bh4 exf4 14.e5 Bxe5 15.Re1 Qc7 16.Nf3 Ng4
17.Nxe5 Nxe5 18.Qh5 g5 19.Rxe5+ Qxe5 20.Re1 Qxe1+ 21.Bxe1 Be6 22.Qe2 O-O
23.Qe4  1-0

[Event "Doha"]
[Site "Doha"]
[Date "1993.??.??"]
[Round "11"]
[White "Barcenilla, Rogelio"]
[Black "Murshed, Niaz"]
[Result "1/2-1/2"]
[WhiteElo "2465"]
[BlackElo "2525"]

1.e4 c5 2.Nf3 e6 3.d4 cxd4 4.Nxd4 a6 5.Bd3 Nf6 6.O-O Qc7 7.Qe2 d6 8.c4 g6
9.Be3 Bg7 10.Nc3 O-O 11.Rac1 Nbd7 12.Rfd1 b6 13.f3 Bb7 14.Qf2 Rac8 15.Bf1 Rfd8
16.b4 Qb8 17.Nb3 Nh5 18.g4 Nhf6 19.Bf4 Bf8 20.Rc2 Qc7 21.Rcd2 e5 22.Be3 d5
23.Nxd5 Nxd5 24.cxd5 Bxb4 25.Rb2 Qd6 26.Nd2 b5 27.a4 Bc3 28.Nc4 Rxc4 29.Bxc4 Bxb2
30.Qxb2 bxc4 31.Qxb7 Rb8 32.Qc6 Qa3 33.Re1 Qc3 34.Kf2 Nf8 35.Re2 a5 36.Qd6 Rb3
37.Qe7 g5 38.Qxg5+ Ng6 39.d6 Rb2 40.Rxb2 Qxb2+ 41.Kg3 h6 42.Qd8+ Kg7 43.Qb6 c3
44.Qc5 Qc2 45.d7 Qd3 46.Bd4 Qd2 47.d8=Q Qf4+ 48.Kg2 Qd2+ 49.Kg3  1/2-1/2

[Event "Dortmund op-A"]
[Site "Dortmund"]
[Date "1993.??.??"]
[Round "2"]
[White "Brendel, Oliver"]
[Black "Bischoff, Klaus"]
[Result "0-1"]
[WhiteElo "2355"]
[BlackElo "2505"]

1.e4 c5 2.Nf3 e6 3.d4 cxd4 4.Nxd4 a6 5.Bd3 Nf6 6.O-O Qc7 7.Kh1 Bc5 8.Nb3 Be7
9.f4 d6 10.N1d2 Nbd7 11.Nf3 b6 12.Qe2 e5 13.Bd2 Bb7 14.Bc3 O-O 15.Rae1 Rfe8
16.Nbd2 b5 17.a4 bxa4 18.fxe5 dxe5 19.Nc4 Bf8 20.Ra1 Bc6 21.Nh4 Bb5 22.Nf5 g6
23.Nfd6 Bg7 24.Bb4 Nc5 25.Qf3 a5 26.Ba3 Rad8 27.Rad1 Ncxe4 28.Bxe4 Bxc4 29.Nxc4 Qxc4
30.Rxd8 Rxd8 31.Bd3 Qe6 32.Qb7 Bf8 33.Bxf8 Kxf8 34.Qb5 Rc8 35.Qxa4 e4 36.Be2 Qe5
37.h3 Qxb2 38.Qxa5 Rxc2 39.Qd8+ Kg7 40.Rf2 Rxe2  0-1

[Event "Dortmund op-A"]
[Site "Dortmund"]
[Date "1993.??.??"]
[Round "3"]
[White "Kindermann, Stefan"]
[Black "Himmel, Hansjoerg"]
[Result "1/2-1/2"]
[WhiteElo "2495"]
[BlackElo "2360"]

1.e4 c5 2.Nf3 e6 3.d4 cxd4 4.Nxd4 a6 5.Bd3 Nf6 6.O-O d6 7.f4 Be7 8.b3 Nbd7
9.Bb2 Nc5 10.Nd2 Nxd3 11.cxd3 O-O 12.Qf3 g6 13.Kh1 Bd7 14.e5 Nh5 15.Qxb7 Nxf4
16.exd6 Bxd6 17.Ne4 Be7 18.Rxf4 e5 19.Qd5 exf4 20.Rf1 Rc8 21.Rxf4 Qc7 22.Rf1 Rcd8
23.Rc1 Qb8 24.Qa5 Bb5 25.Rc7 Rfe8 26.Qc3 f6 27.Nxb5 Qxb5 28.Rxe7 Rxe7 29.Qxf6 Qf5
30.Qh8+ Kf7 31.Qxh7+ Ke8 32.Qh8+ Kd7  1/2-1/2

[Event "Dresden op"]
[Site "Dresden"]
[Date "1993.??.??"]
[Round "?"]
[White "Goldberg, Alexander"]
[Black "Chuchelov, Vladimir"]
[Result "1-0"]
[WhiteElo "2365"]
[BlackElo "2500"]

1.e4 c5 2.Nf3 e6 3.d4 cxd4 4.Nxd4 a6 5.Bd3 Nf6 6.O-O Qc7 7.c4 Bc5 8.Nb3 Be7
9.f4 d6 10.Nc3 O-O 11.Qe2 Nbd7 12.Bd2 b6 13.Rae1 Bb7 14.Rf3 Rac8 15.Rh3 g6
16.e5 Ne8 17.Kh1 Ng7 18.Ne4 dxe5 19.fxe5 Qxe5 20.Bc3 Qc7 21.Qd2 h5 22.Qh6 e5
23.Ng3 h4 24.Nd4 Qd6 25.Ne4 Bxe4 26.Rxe4 f5 27.Rexh4 Bxh4 28.Rxh4 exd4 29.Qh7+ Kf7
30.Rxd4 Qe7 31.Rxd7 Qxd7 32.Qxg7+ Ke8 33.Qxg6+ Qf7 34.Qxb6 Rg8 35.Qxa6 Rd8
36.Bc2 Rg6 37.Qb5+ Kf8 38.h3 Rg5 39.Qb6 Rc8 40.Qh6+ Rg7 41.Bxf5 Qxf5 42.Qxg7+ Ke8
43.b3 Rc6 44.Qe5+ Qxe5 45.Bxe5 Ra6 46.b4 Rxa2 47.b5 Re2 48.Bd6 Rb2 49.Kh2 Kd7
50.Be5 Rb4 51.g4 Rxc4 52.b6 Rb4 53.Bc7 Rb3 54.h4 Ke6 55.h5 Kf6 56.Bd8+ Ke6
57.g5 Kf7 58.Kg2 Rd3 59.Bc7 Rb3 60.Kf2 Kg7 61.Be5+ Kh7 62.Bd4 Rb5 63.g6+ Kh6
64.g7 Kh7 65.h6 Rb3 66.Ke2 Rh3 67.Be3 Rh4 68.Kd3 Rb4 69.Bc5 Rb1 70.Kc4 Re1
71.Kd5 Re8 72.Bf8  1-0

[Event "Dresden (Women)"]
[Site "Dresden"]
[Date "1993.??.??"]
[Round "?"]
[White "Daechert, Regina"]
[Black "Bojkovic, Natasa"]
[Result "0-1"]
[WhiteElo "2240"]
[BlackElo "2280"]

1.e4 c5 2.Nf3 e6 3.d4 cxd4 4.Nxd4 a6 5.Bd3 Nf6 6.Be3 Qc7 7.f4 Bc5 8.Qe2 Bxd4
9.Bxd4 Qxf4 10.Nd2 Nc6 11.Bc3 d6 12.Rf1 Qxh2 13.Bxf6 gxf6 14.Qg4 Qh6 15.O-O-O Bd7
16.Qf3 Ne5 17.Qxf6 Qxf6 18.Rxf6 Ke7 19.Rh6 Rag8 20.Rg1 Rg3 21.Bf1 Rg7 22.Rgh1 Bc6
23.R6h5 Ng4 24.R1h3 Nf6 25.R5h4 Rhg8 26.Rf3 Rg4 27.Rf4 Rxf4 28.Rxf4 Rg4 29.Rxg4 Nxg4
30.Be2 Nf2 31.Bf3 Kf6 32.e5+ dxe5 33.Bxc6 bxc6 34.Nc4 Ng4 35.Kd2 Ke7 36.Ke2 f5
37.a4 c5 38.c3 Kd7 39.Na5 e4 40.b4 cxb4 41.cxb4 Ne5 42.Kd2 Nc6 43.Nb7 Nxb4
44.Kc3 Nd3 45.Kd4 Kc7  0-1